Statystyki dla Najpopularniejsze numery Rap/Trap tygodnia. 02-08.04 YT

Kliknij tutaj aby rozwiązać quiz!

Ogólne statystyki

  • Ten quiz został rozwiązany 17 razy
  • Średni wynik to 14 z 30

Statystyki odpowiedzi

WykonawcaWyświetleniaUtwór% Poprawnych
Mata9.48MPatoreakcja
94%
Ekipa~ 5.50M3KIPA
81%
Sobel~ 4MBandyta
69%
Young Leosia614KSzklanki
69%
Ekipa ft. Qry~ 1.90MZAEBYŚCIE
69%
Mata1.03MPatointeligencja
63%
Wiatr ft. Sobel, Be Vis711KTestarossa
63%
ReTo476KBilly Kid
56%
Guzior1.23MBLUEBERRY
56%
Alberto581KDwutakt
56%
Guzior ft. Oskar831.06MFALA
56%
Sobel899KKinol
56%
Sobel956KAlien
50%
Kizo ft. Trill Pem652KFitness
50%
Kizo ft. Wac Toja412KLucky Punch
50%
Kabe804KNad ranem
50%
Sobel415KTo Ja
50%
ReTo780KPaw
44%
PRO8L3M ft. Paluch, Luxon560KA2
38%
Cheatz548Kgdzie jest stary dawid
38%
OIO458KPrzypadkiem
38%
Lipa ft. Kabe995KBezprawie
31%
Sobel663KKażdego Dnia
31%
chillwagon530Kmłody tomasz
31%
Kubańczyk900KTOAST
31%
Żabson577KTrapczan
31%
Dj.Frodo ft. Malik Montana, Alberto, Josef Bratan465KKawasaki
25%
PRO8L3M ft. Dawid Podsiadło, Duit615KFreon
19%
Aymi955KNieważne
13%
Kabe827KSłuchaj Bracie
13%

Rozkład punktacji

Percentyl według liczby udzielonych odpowiedzi

Procent ludzi z każdym wynikiem

Twoja historia wyników

Nie rozwiązałeś tego quizu